<?xml version="1.0" encoding="UTF-8"?>
<record
    xmlns:xsi="http://www.w3.org/2001/XMLSchema-instance"
    xsi:schemaLocation="http://www.loc.gov/MARC21/slim http://www.loc.gov/standards/marcxml/schema/MARC21slim.xsd"
    xmlns="http://www.loc.gov/MARC21/slim">

  <leader>01192nam a22002177a 4500</leader>
  <controlfield tag="003">OSt</controlfield>
  <controlfield tag="005">20201027105206.0</controlfield>
  <controlfield tag="008">201026b      2007 dr   00| 0 eng d</controlfield>
  <datafield tag="040" ind1=" " ind2=" ">
    <subfield code="a">DO-SdBNP</subfield>
    <subfield code="b">spa</subfield>
    <subfield code="c">BNPHU</subfield>
  </datafield>
  <datafield tag="245" ind1="0" ind2="0">
    <subfield code="a">El referimiento civil, comercial, administrativo, de tierras y laboral /</subfield>
    <subfield code="c">Rafael Luciano Pichardo...[et al.] ; pr&#xF3;logo Manuel Berg&#xE9;s Chupani </subfield>
  </datafield>
  <datafield tag="260" ind1=" " ind2=" ">
    <subfield code="a">Santo Domingo : </subfield>
    <subfield code="b">Ediciones Jur&#xED;dicas Trajano Potentini, </subfield>
    <subfield code="c">2007.</subfield>
  </datafield>
  <datafield tag="300" ind1=" " ind2=" ">
    <subfield code="a">viii, 234 p. ; </subfield>
    <subfield code="c">23 cm.</subfield>
  </datafield>
  <datafield tag="500" ind1=" " ind2=" ">
    <subfield code="a">Academia de Ciencias de la Rep&#xFA;blica Dominicana, Comisi&#xF3;n de Ciencias Jur&#xED;dicas.</subfield>
  </datafield>
  <datafield tag="505" ind1="0" ind2=" ">
    <subfield code="a">Pr&#xF3;logo --</subfield>
    <subfield code="t">Presentaci&#xF3;n --</subfield>
    <subfield code="t">El referimiento en materia civil --</subfield>
    <subfield code="r"> Rafael Luciano Pichardo --</subfield>
    <subfield code="t">El juez de referimiento --</subfield>
    <subfield code="r">Miguel A. B&#xE1;ez Brito </subfield>
    <subfield code="t">El referimiento en materia comercial, administrativo y de ley de tierras --</subfield>
    <subfield code="r">Rafael  Willamo Ortiz </subfield>
    <subfield code="t">El referimiento en materia laboral --</subfield>
    <subfield code="r">Manuel Ram&#xF3;n  Herrera Carbuccia </subfield>
  </datafield>
  <datafield tag="700" ind1="1" ind2=" ">
    <subfield code="a">Rafael Luciano Pichardo</subfield>
    <subfield code="9">77032</subfield>
  </datafield>
  <datafield tag="700" ind1="1" ind2=" ">
    <subfield code="a">B&#xE1;ez Brito, Miguel Antonio </subfield>
    <subfield code="9">77033</subfield>
  </datafield>
  <datafield tag="700" ind1="1" ind2=" ">
    <subfield code="a">Willamo Ortiz, Rafael </subfield>
    <subfield code="9">77034</subfield>
  </datafield>
  <datafield tag="700" ind1="1" ind2=" ">
    <subfield code="a">Herrera Carbuccia,  Manuel Ram&#xF3;n </subfield>
    <subfield code="9">77035</subfield>
  </datafield>
  <datafield tag="700" ind1="1" ind2=" ">
    <subfield code="a">Berg&#xE9;s Chupani, Manuel,</subfield>
    <subfield code="e">pr&#xF3;logo </subfield>
    <subfield code="9">8440</subfield>
  </datafield>
  <datafield tag="942" ind1=" " ind2=" ">
    <subfield code="2">ddc</subfield>
    <subfield code="c">LBS1</subfield>
  </datafield>
  <datafield tag="952" ind1=" " ind2=" ">
    <subfield code="0">0</subfield>
    <subfield code="1">0</subfield>
    <subfield code="2">ddc</subfield>
    <subfield code="7">0</subfield>
    <subfield code="8">MO</subfield>
    <subfield code="a">BNPHU</subfield>
    <subfield code="b">PD</subfield>
    <subfield code="c">CT</subfield>
    <subfield code="d">2020-10-26</subfield>
    <subfield code="e">Graciela Geraldo</subfield>
    <subfield code="l">0</subfield>
    <subfield code="r">2020-10-26</subfield>
    <subfield code="w">2020-10-26</subfield>
    <subfield code="y">LBS1</subfield>
  </datafield>
  <datafield tag="999" ind1=" " ind2=" ">
    <subfield code="c">48964</subfield>
    <subfield code="d">48964</subfield>
  </datafield>
</record>
